Loading...
| Current Events | 1 | 30.00 | 100% | 100% | 100% |
| Fine Arts - Classical Music | 8 | 18.75 | 100% | 63% | 25% |
| Fine Arts - Other | 8 | 18.75 | 88% | 88% | 13% |
| Fine Arts - Painting and Sculpture | 8 | 27.50 | 100% | 100% | 75% |
| Geography | 1 | 30.00 | 100% | 100% | 100% |
| History - American | 8 | 20.00 | 100% | 75% | 25% |
| History - European | 7 | 18.57 | 100% | 43% | 43% |
| History - Other | 9 | 22.22 | 100% | 78% | 44% |
| History - World | 7 | 25.71 | 100% | 100% | 57% |
| Literature - American | 9 | 21.11 | 100% | 78% | 33% |
| Literature - British | 5 | 20.00 | 100% | 40% | 60% |
| Literature - European | 7 | 18.57 | 100% | 71% | 14% |
| Literature - World | 9 | 25.56 | 100% | 89% | 67% |
| Mythology | 9 | 23.33 | 100% | 89% | 44% |
| Other Academic | 1 | 30.00 | 100% | 100% | 100% |
| Philosophy | 6 | 20.00 | 100% | 83% | 17% |
| Popular Culture | 2 | 20.00 | 100% | 100% | 0% |
| Religion | 7 | 21.43 | 100% | 86% | 29% |
| Science - Biology | 8 | 17.50 | 100% | 50% | 25% |
| Science - Chemistry | 9 | 17.78 | 100% | 44% | 33% |
| Science - Other | 7 | 17.14 | 100% | 57% | 14% |
| Science - Physics | 6 | 18.33 | 100% | 67% | 17% |
| Social Science | 7 | 21.43 | 100% | 86% | 29% |